000
00506nam a2200145Ia 4500
008
151213s9999 xx 000 0 und d
100
_a
সৈয়দ হায়দার।
245
_a
আধারের শেষ ভালোবাসি।
_c
সৈয়দ হায়দার।
260
_a
ঢাকা
_b
অন্য প্রকাশ।
_c
2003
300
_a
8807 p.
650
_a
Bangla
650
_a
কবিতা
700
_a
সৈয়দ হায়দার।
999
_c
4592
_d
4592